| 000 | 00681nam a22002417a 4500 | ||
|---|---|---|---|
| 999 |
_c34418 _d34418 |
||
| 001 | 3787 | ||
| 003 | CO-MdFUSB | ||
| 005 | 20190202100541.0 | ||
| 008 | 180321t1985 xxu||||| |||| 00| 0 eng d | ||
| 020 | _a08910-90541 | ||
| 040 |
_aCO-MdFUSB _bspa _cCO-MdFUSB _dCO-MdFUSBC _erda |
||
| 041 | 0 | _aeng | |
| 082 | 0 | 4 | _aG 227.5 L4818e |
| 245 | 0 |
_aEphesians _c / Life Change Series |
|
| 264 | 4 |
_aColorado, USA : _bNavPress, _c©1985 |
|
| 300 | _a127 Pag | ||
| 336 |
_2rdacontent _atexto _btxt |
||
| 337 |
_2rdamedia _asin mediación _bn |
||
| 338 |
_2rdacarrier _avolumen _bnc |
||
| 650 | 7 |
_aDios _xEnseñanza bíblica _2 _9323 |
|
| 653 | _aBiblia N.T. - Efesios - Enseñanza | ||
| 942 | _cBK | ||